000 nam a22 7a 4500
999 _c7510
_d7510
008 170918b xxu||||| |||| 00| 0 eng d
020 _a9788121929059
100 _aSinha Sanjay Kumar
_94038
245 _aThe Kings Grammer
260 _aNew Delhu
_bS.Chand and Company Pvt. Ltd
_c2008